Capitales avec la lettre E - Statistiques

Statistiques générales
  • Ce quiz a été pris 292 fois
    250 depuis la dernière actualisation
  • Le résultat moyen est 60 sur 86
Statistiques - réponses
Hint Réponse % Correct
E Londres
94%
E Lisbonne
92%
EE Le Caire
89%
E Rome
89%
E Alger
88%
EE Berne
88%
E Berlin
87%
E Budapest
86%
EE Buenos Aires
86%
EE Vienne
86%
EE Bruxelles
85%
EE Jérusalem
85%
E Wellington
85%
EE Athènes
83%
E Bucarest
83%
E Mexico
83%
EE New Delhi
83%
E Pretoria/Le Cap/Bloemfontein
83%
EE Erevan
82%
E Luxembourg
82%
EE Copenhague
81%
E Helsinki
81%
EE La Valette
81%
E Varsovie
81%
EEE Andorre-la-Vieille
80%
E Pékin
80%
E Prague
79%
E Reykjavik
77%
E Séoul
77%
E Zagreb
77%
E Kiev
75%
E Montevideo
75%
E Brazzaville
74%
E Amsterdam
71%
EE Belgrade
71%
EE Freetown
71%
E La Havane
71%
E Beyrouth
70%
E Canberra
70%
EE Libreville
70%
EE Georgetown
69%
E Manille
69%
E Nicosie
69%
E Skopje
69%
E Yaoundé
69%
E Port-au-Prince
68%
E Sucre
68%
E Téhéran
68%
E Lomé
67%
E Sao Tomé
65%
EE Vientiane
65%
E Addis-Abeba
64%
E Koweït
64%
E Malé
64%
E Port Moresby
64%
E Tachkent
64%
E Belmopan
63%
E Harare
63%
E Saint-Domingue
63%
E Guatemala
62%
E Phnom Penh
62%
EE Saint-Georges
62%
E San José
62%
E Tegucigalpa
62%
E Windhoek
62%
E Bichkek
61%
E Niamey
61%
EE Port-d'Espagne
61%
E Roseau
60%
E Bridgetown
58%
E Taipei
57%
E Douchanbé
56%
E Gaborone
56%
E Gitega
56%
E Castries
55%
E Mascate
55%
E Sarajevo
55%
E Maseru
51%
E Mbabane
50%
E N'Djaména
50%
E Ngerulmud
50%
E Yaren
50%
EE Bandar Seri Begawan
49%
EE Sri Jayawardenapura Kotte
49%
EEE Basseterre
48%
E Lilongwe
48%
Aucun quiz correspondant
Distribution des résultats
% des personnes avec chaque résultat
Percentile par nombre de réponses
Votre historique - résultats
Vous n’avez pas pris ce quiz depuis la dernière actualisation